Entry Konu Terimi
001 - KONTROL NUMARASI
- Kontrol alanı: 46536
003 - KONTROL NUMARASI KİMLİĞİ
- Kontrol alanı: TR-BiSEU
005 - SON İŞLEM TARİHİ VE ZAMANI
- Kontrol alanı: 20260207002338.0
008 - SABİT UZUNLUKTAKİ VERİ ÖGELERİ - GENEL BİLGİ
- Sabit uzunlukta kontrol alanı: 260207|| aca||aabn | a|a d
040 ## - KATALOGLAMA KAYNAĞI
- Özgün kataloglama kurumu: TR-BiSEU
- Çeviri kurumu: TR-BiSEU
150 ## - KONU BAŞLIKLARI - KONU TERİMİ
- Konu terimi: Education, Higher
670 ## - BİLGİNİN KAYNAĞI
- Bilginin alındığı kaynak: KOHA: (TR-BiSEU)22219: Eurasian Silk Road Universities Convention (1st : 2010 : Erzurum) 46534, Proceedings of ESRUC 1st Eurasian Silk Road Universities Convention (ESRUC) "New approaches and collaborations in higher education May 28-31. 2010 Erzurum/Turkey/
